000 00330nam a2200133Ia 4500
008 220204s9999 xx 000 0 und d
082 _a772.1
_bROT
100 _aWeyde, Andre
245 0 _aPhotographic silver halide diffusion processes
260 _aLondon
_bFocal
_c1972
505 _aSet price
700 _aEdith
942 _cBK
999 _c35989
_d35989